Теории "малых" и "больших" искривлений стержней в общем аналитическом представлении; Известия Томского политехнического университета [Известия ТПУ]; Т. 310, № 2

Bibliografiske detaljer
Parent link:Известия Томского политехнического университета [Известия ТПУ]/ Томский политехнический университет (ТПУ).— , 2000-
Т. 310, № 2.— 2007.— [С. 55-59]
Hovedforfatter: Анфилофьев А. В. Александр Васильевич
Summary:Заглавие с титульного листа
Электронная версия печатной публикации
Анализируются теории "малых" и "больших" перемещений при изгибе стержней с оценкой и определением назначения их разделяющих допущений. Формируется общее математическое обеспечение на базе выражений кривизны линии в параметрической форме. Краевая задача определения геометрии искривления стержня представляется двумя задачами: "восстановление линии" по функции кривизны и начальным условиям, затем "спрямление линии" - определение длины дуги кривой по условиям на конце.
Sprog:russisk
Udgivet: 2007
Serier:Математика и механика. Физика
Fag:
Online adgang:http://www.lib.tpu.ru/fulltext/v/Bulletin_TPU/2007/v310/i2/11.pdf
Format: MixedMaterials Electronisk Book Chapter
KOHA link:https://koha.lib.tpu.ru/cgi-bin/koha/opac-detail.pl?biblionumber=172087

MARC

LEADER 00000nla2a2200000 4500
001 172087
005 20231031164206.0
035 |a (RuTPU)RU\TPU\book\186572 
035 |a RU\TPU\book\186554 
090 |a 172087 
100 |a 20091210d2007 k y0rusy50 ca 
101 0 |a rus 
102 |a RU 
135 |a drnn ---uucaa 
181 0 |a i  
182 0 |a b 
200 1 |a Теории "малых" и "больших" искривлений стержней в общем аналитическом представлении  |b Электронный ресурс  |f А. В. Анфилофьев 
203 |a Текст  |c электронный 
215 |a 1 файл (327 Кб) 
225 1 |a Математика и механика. Физика 
230 |a Электронные текстовые данные (1 файл : 327 Кб) 
300 |a Заглавие с титульного листа 
300 |a Электронная версия печатной публикации 
320 |a [Библиогр.: с. 59 (10 назв.)] 
330 |a Анализируются теории "малых" и "больших" перемещений при изгибе стержней с оценкой и определением назначения их разделяющих допущений. Формируется общее математическое обеспечение на базе выражений кривизны линии в параметрической форме. Краевая задача определения геометрии искривления стержня представляется двумя задачами: "восстановление линии" по функции кривизны и начальным условиям, затем "спрямление линии" - определение длины дуги кривой по условиям на конце. 
337 |a Adobe Reader 
461 1 |0 (RuTPU)RU\TPU\book\176237  |t Известия Томского политехнического университета [Известия ТПУ]  |f Томский политехнический университет (ТПУ)  |d 2000- 
463 1 |0 (RuTPU)RU\TPU\book\186512  |x 1684-8519  |t Т. 310, № 2  |v [С. 55-59]  |d 2007  |p 269 с. 
610 1 |a теория малых искривлений 
610 1 |a теория больших искривлений 
610 1 |a стержни 
610 1 |a аналитическое представление 
610 1 |a изгибы 
610 1 |a оценка 
610 1 |a математическое обеспечение 
610 1 |a выражения 
610 1 |a кривизна 
610 1 |a линии 
610 1 |a параметрические формы 
610 1 |a краевые задачи 
610 1 |a геометрия 
610 1 |a восстановление 
610 1 |a спрямление 
610 1 |a дуги 
610 1 |a кривые 
610 1 |a труды учёных ТПУ 
610 1 |a электронный ресурс 
700 1 |a Анфилофьев  |b А. В.  |c профессор Томского политехнического университета  |f 1939-  |g Александр Васильевич  |2 stltpush  |3 (RuTPU)RU\TPU\pers\24403 
801 1 |a RU  |b 63413507  |c 20090623  |g PSBO 
801 2 |a RU  |b 63413507  |c 20211115  |g PSBO 
856 4 |u http://www.lib.tpu.ru/fulltext/v/Bulletin_TPU/2007/v310/i2/11.pdf 
942 |c CF